000 01238nam a22003617a 4500
003 CHAP
005 20220329143629.0
008 101026s2009 us a r 00010 spa d
010 _a99575
011 _a100547
020 _a9789211422658
035 _a111233
040 _cCHAP
090 _aFolleto 17802
110 1 _aUnited Nations Office for Disarmament Affairs
_9116268
245 1 0 _aConflict of interests : children and guns in zones of instability :
_bpannel discussion at the United Nations
_c/por United Nations Office for Disarmament Affairs
260 _aNew York, N.Y. :
_bUNODA,
_cc2009
300 _a29 p. :
_bils., diagrama
490 _aUNODA Occasional Papers
_v; 14
590 _aBATCH-UPD
_b10
_c20130110
_lUCH01
_h1112
590 _aBATCH-UPD
_b10
_c20130410
_lUCH01
_h0703
590 _aBATCH-UPD
_b10
_c20130914
_lUCH01
_h0359
590 _aCONVERSION
_b10
_c20130109
_lUCH01
_h1355
650 1 4 _aArmamentos.
_97159
650 1 4 _aConflictos sociales.
_926641
650 1 4 _aGuerra.
_951113
650 1 4 _aNiƱos.
_981369
650 1 4 _aViolencia.
_9119891
830 0 _aUNODA Occasional Papers
_v; 14
_9116787
901 _aBK
942 _cFOLL
949 _aFolleto 17802
_bBC
_cFOLL
_d33724002127611
_eTS1
_i111233
_sb
999 _c99575
_d99575